| 000 | 00454nam a22001697a 4500 | ||
|---|---|---|---|
| 003 | BD-ChCU | ||
| 005 | 20251124093245.0 | ||
| 008 | 251124b bg ||||| |||| 00| 0 ben d | ||
| 040 | _cBD-ChCU | ||
| 082 | _a536.7 SOP | ||
| 100 |
_aSorensen Harry A. _916712 |
||
| 245 |
_aPrinciples of thermodynamics./ _cHarry A. , Sorensen. |
||
| 260 |
_aNew York : _bHolt , _cC 1961 |
||
| 300 | _axi , 546p | ||
| 650 | 0 |
_aThermodynamics. _916717 |
|
| 942 |
_2ddc _cBK _n0 |
||
| 999 |
_c109736 _d109736 |
||